00922nam a2200193Ia 4500008004100000020001500041041001200056082001600068100001700084245004700101260002500148300000800173650001400181942000700195999001500202952017100217952017000388952017000558221030s9999 xx 000 0 und d a812031266x aEnglish a105.23bSas aS. S. Sastry 0aIntroductory Methods of Numerical Analysis bPHIaNew Delhic2003 a380 aComputers cBK c2048d2048 pM 379g125.00l0o105.23 Sasr2024-06-10 00:00:00w2022-10-30yBK003Print4070aMIETLIBbMIETLIBcBL-Academic Block- B, FL-2, CUP-26, SH-4, R-4d2004-05-1810HMCA pM 380g125.00l0o105.23 Sasr2024-06-10 00:00:00w2022-10-30yBK003Print4070aMIETLIBbMIETLIBcBL-Academic Block B, FL-2, CUP-82, SH-4, R-4d2004-05-1810HMCA pM 381g125.00l0o105.23 Sasr2024-06-10 00:00:00w2022-10-30yBK003Print4070aMIETLIBbMIETLIBcBL-Academic Block B, FL-2, CUP-82, SH-4, R-4d2004-05-1810HMCA